000 00301nam a22001337a 4500
008 170908b xxu||||| |||| 00| 0 eng d
020 _a3700128517
041 _aeng
080 _a91
100 _a42
101 _aGJEO
245 _aMIGRATION UND FREMDENFEINDLICHKEIT
_cLEBHART, G
942 _2udc
_cBK
999 _c26780
_d26780